000 00656nam a2200193 4500
001 144402
003 ES-MaACL
007 t|
008 070214s1985 sp r ||||1| spa d
100 1 _aSirera, Rodolf.
_9106672
245 1 3 _aEl veneno del teatro
_b: diálogo entre un aristócrata y un comediante /
_cRodolf Sirera ; (versión castellana de José Mª Rodríguez Méndez).
260 _aMadrid :
_bPreyson,
_c1985.
300 _a49 p. ;
_c16 cm.
490 1 _aArte escénico ;
_v62
700 1 _aRodríguez Mendez, José María.
_9178383
830 0 _aArte escénico ;
_v62
_9180796
852 _aES-MaACL
_jL-9185
_bR.110566
999 _c144402
_d144402